Score 0/25 Timer 05:00
0 Plays Today
% Correct
Nightmare Before Christmas
88.6%
The Notebook
84.1%
Ocean's Eleven
81.2%
Nacho Libre
79.8%
Napoleon Dynamite
79.6%
The Nutty Professor
78.8%
Night at the Museum
76.1%
National Treasure
75.6%
Notting Hill
74.4%
Over the Hedge
71.1%
Naked Gun
66.6%
Office Space
65.5%
One Flew Over the Cuckoo's Nest
63.4%
% Correct
Octopussy
57.7%
Neverending Story
50.6%
An Officer and a Gentleman
48.2%
Natural Born Killers
44.2%
Oliver Twist
43.2%
Old School
41.6%
No Country for Old Men
39.7%
Nanny McPhee
36.1%
Nightmare on Elm Street
34.3%
The Omen
32.4%
Open Water
31.6%
North by Northwest
25.5%
Remove Ads.
Support Sporcle.
Get the best of Sporcle when you Go Orange. This ad-free experience offers more features, more stats, and more fun while also helping to support Sporcle. Thank you for becoming a member.

You're not logged in!

Compare scores with friends on all Sporcle quizzes.
OR
Log In

Show Comments

Extras

Top Quizzes Today


Score Distribution

Your Account Isn't Verified!

In order to create a playlist on Sporcle, you need to verify the email address you used during registration. Go to your Sporcle Settings to finish the process.

Report this User

Report this user for behavior that violates our Community Guidelines.

Details: